000 00767cam a22002653a 4500
001 10687
003 PGUSA
005 20140828083227.0
008 040101s2004||||xxu|||||s|||||000 1 eng d
040 _aPGUSA
_beng
042 _adc
050 4 _aPQ
100 1 _aDaudet, Alphonse,
_d1840-1897
245 1 0 _aTartarin de Tarascon
_h[electronic resource] /
_cAlphonse Daudet
260 _bProject Gutenberg,
_c2004
500 _aIntroduction, notes and excercises in English.
506 _aPublic domain in the USA.
516 _aElectronic text
653 _aAlgeria -- Fiction
653 _aLion hunting -- Fiction
700 1 _aCerf, Barry,
_d1881-
830 0 _aProject Gutenberg
_v10687
856 4 0 _uhttp://www.gutenberg.org/ebooks/10687
942 _cEB
999 _c239942
_d239942